Hugo Award Novels Quiz Stats

 Plays Quiz Updated Aug 27, 2018

Score 0/69 Timer 12:00
0 Plays Today
Year Novel % Correct
1986Ender's Game
62.3%
1954*Fahrenheit 451
50.4%
1966Dune/...And Call Me Conrad (tie)
49.9%
2001Harry Potter and the Goblet of Fire
48.6%
1962Stranger in a Strange Land
42.8%
2002American Gods
33.5%
1960Starship Troopers
32.4%
1985Neuromancer
27.2%
1987Speaker for the Dead
26.5%
1971Ringworld
24.9%
1970The Left Hand of Darkness
23.4%
1967The Moon is a Harsh Mistress
21.7%
1963The Man in the High Castle
20%
2013Redshirts
18.8%
1976The Forever War
18.6%
2009The Graveyard Book
17.3%
2015The Three Body Problem
17.3%
1994Green Mars
17.2%
1997Blue Mars
16.8%
1990Hyperion
16.6%
1974Rendezvous With Rama
15.4%
2014Ancillary Justice
15%
1961A Canticle for Leibowitz
14.9%
2016The Fifth Season
14%
2018The Stone Sky
13.9%
2017The Obelisk Gate
13.6%
1983Foundation's Edge
13.2%
1993A Fire Upon the Deep/Doomsday Book (tie)
13.2%
1975The Dispossessed
12.9%
2012Among Others
12.9%
1996The Diamond Age
12.1%
2005Jonathan Strange & Mr. Norrell
12.1%
1998Forever Peace
11.8%
1973The Gods Themselves
11.5%
2008The Yiddish Policemen's Union
11.5%
Year Novel % Correct
1968Lord of Light
10.6%
1999To Say Nothing of the Dog
10.3%
1978Gateway
10%
1953The Demolished Man
9.6%
1972To Your Scattered Bodies Go
8.9%
1969Stand on Zanzibar
8.5%
1956Double Star
8%
2006Spin
7.7%
1981The Snow Queen
7.7%
1979Dreamsnake
7.7%
1980The Fountains of Paradise
7.6%
2000A Deepness in the Sky
7.6%
1988The Uplift War
7.4%
1984Startide Rising
7.3%
2019The Calculating Stars
7.2%
1982Downbelow Station
7.2%
2010The City & The City
7.1%
2007Rainbows End
7%
2010The Windup Girl
6.7%
1989Cyteen
6.6%
1946*The Mule
6.2%
1959A Case of Conscience
6.1%
1965The Wanderer
6.1%
1991The Vor Game
6.1%
2003Hominids
6.1%
1992Barrayar
5.9%
2011Blackout - All Clear
5.9%
1964Here Gather the Stars
5.8%
1958The Big Time
5.8%
2004Paladin of Souls
5.7%
1995Mirror Dance
5.3%
1955They'd Rather Be Right
5.1%
1977Where Late the Sweet Birds Sang
4.9%
1951*Farmer in the Sky
4.7%

You're not logged in!

Compare scores with friends on all Sporcle quizzes.
OR
Log In

Sporcle TV

Today on Sporcle TV


Watch our educational content, quiz creation guides, and fun videos on Sporcle TV.

Show Comments

Extras

Top Quizzes Today


Score Distribution

Your Account Isn't Verified!

In order to create a playlist on Sporcle, you need to verify the email address you used during registration. Go to your Sporcle Settings to finish the process.

Report this User

Report this user for behavior that violates our Community Guidelines.

Details: